INFOS '81 zborník z 11. informatického seminára konaného v dňoch 30. marca-2. apríla 1981 v Starom Smokovci

Saved in:
Bibliographic Details
Corporate Author: INFOS
Other Authors: Kimlička, Štefan
Format: Book
Language:Slovak
Published: Bratislava Alfa 1981
Tags: Add Tag
No Tags, Be the first to tag this record!

MARC

LEADER 00000nam a2200000 4500
001 c142174
005 20230220130002.7
041 0 |a slo 
044 |a SK 
245 1 0 |a INFOS '81  |b zborník z 11. informatického seminára konaného v dňoch 30. marca-2. apríla 1981 v Starom Smokovci  |c Zostav. Štefan Kimlička 
264 1 |a Bratislava  |b Alfa  |c 1981 
300 |a 241 s. 
700 1 |a Kimlička, Štefan 
110 2 |a INFOS